[Event "Bad Woerishofen op 28th"]
[Site "Bad Woerishofen"]
[Date "2012.03.03"]
[Round "2"]
[White "Wiessner, Johann"]
[Black "Hipp, Hermann"]
[Result "1/2-1/2"]
[WhiteElo "1897"]
[BlackElo "2014"]
[PlyCount "47"]
[EventDate "2012.03.02"]
[EventType "swiss"]
[EventRounds "9"]
[EventCountry "GER"]
[SourceTitle "EXT 2019"]
[Source "ChessBase"]
[SourceDate "2018.10.10"]
[SourceVersion "1"]
[SourceVersionDate "2018.10.10"]
[SourceQuality "1"]

1. d4 d5 2. c4 c6 3. Nf3 Nf6 4. Nc3 g6 5. g3 Bg7 6. Bg2 dxc4 7. Ne5 Nbd7 8. Nxc4 0-0 9. 0-0 Nb6 10. Ne5 Be6 11. e4 Qc8 12. Be3 Bh3 13. Qe2 Bxg2 14. Kxg2 Nbd7 15. Nd3 b6 16. f4 Qb7 17. Qf3 e6 18. Rad1 Rac8 19. Bg1 a6 20. e5 Nd5 21. Ne4 Rc7 22. Nd6 Qa8 23. Rc1 Rd8 24. a3 1/2-1/2

[Event "Bad Woerishofen op 24th"]
[Site "Bad Woerishofen"]
[Date "2008.02.28"]
[Round "1"]
[White "Hipp, Hermann"]
[Black "Epishin, Vladimir"]
[Result "0-1"]
[WhiteElo "2070"]
[BlackElo "2577"]
[PlyCount "58"]
[EventDate "2008.02.28"]
[EventType "swiss"]
[EventRounds "9"]
[EventCountry "GER"]
[SourceTitle "CBM 123 Extra"]
[Source "ChessBase"]
[SourceDate "2008.05.06"]
[SourceVersion "1"]
[SourceVersionDate "2008.05.06"]
[SourceQuality "1"]

1. d4 c5 2. Nf3 cxd4 3. Nxd4 d5 4. e3 e5 5. Nf3 Nc6 6. Bb5 Bd6 7. c4 dxc4 8. Bxc6+ bxc6 9. Qa4 Qb6 10. Nc3 Qa6 11. Qc2 Nf6 12. 0-0 0-0 13. e4 Re8 14. Bg5 Nd7 15. Be3 Bf8 16. Na4 Rb8 17. Rac1 Nb6 18. Nc3 g6 19. Nd2 Be6 20. Rfd1 Red8 21. Ndb1 Rd3 22. Bxb6 axb6 23. a4 Rbd8 24. Rxd3 cxd3 25. Qd2 Qa5 26. h3 Qb4 27. Kh2 Bb3 28. g3 Rd4 29. f4 exf4 0-1

[Event "Bad Woerishofen op 19th"]
[Site "Bad Woerishofen"]
[Date "2003.03.21"]
[Round "9"]
[White "Hipp, Hermann"]
[Black "Pitl, Jarno"]
[Result "1/2-1/2"]
[WhiteElo "1864"]
[BlackElo "2073"]
[PlyCount "98"]
[EventDate "2003.03.13"]
[EventType "swiss"]
[EventRounds "9"]
[EventCountry "GER"]
[SourceTitle "CBM 093 Extra"]
[Source "ChessBase"]
[SourceDate "2003.05.09"]
[SourceVersion "1"]
[SourceVersionDate "2003.05.09"]
[SourceQuality "1"]

1. d4 Nf6 2. Nf3 d6 3. g3 g6 4. Bg2 Bg7 5. 0-0 0-0 6. b3 Nbd7 7. Bb2 c5 8. dxc5 Nxc5 9. Nbd2 Bg4 10. h3 Bd7 11. e3 Rc8 12. Rc1 b5 13. a3 Qb6 14. Qe2 Rc7 15. Rfd1 Rfc8 16. Bf1 Nfe4 17. Bxg7 Kxg7 18. c4 b4 19. Nxe4 Nxe4 20. axb4 Qxb4 21. Qb2+ Kg8 22. Rd4 Nc5 23. Nd2 Ba4 24. Qc3 Qxc3 25. Rxc3 Bd7 26. b4 Ne6 27. Rd5 Rb8 28. Rb3 Nd8 29. b5 Rb6 30. Rdd3 Ne6 31. Ra3 Nc5 32. Rdc3 Bc8 33. Ra5 a6 34. Rca3 axb5 35. Rxb5 Ra6 36. Rba5 Kg7 37. g4 Rca7 38. Rxa6 Rxa6 39. Rxa6 Bxa6 40. Kg2 Kf6 41. f4 Ke6 42. Kf2 Na4 43. e4 Kd7 44. Ke3 Kc6 45. Kd4 f6 46. e5 Nc5 47. exf6 exf6 48. Bg2+ Kd7 49. Bd5 Ne6+ 1/2-1/2

[Event "Bad Woerishofen op 19th"]
[Site "Bad Woerishofen"]
[Date "2003.03.13"]
[Round "1"]
[White "Hipp, Hermann"]
[Black "Keller, Manfred"]
[Result "0-1"]
[WhiteElo "1864"]
[BlackElo "2214"]
[PlyCount "138"]
[EventDate "2003.03.13"]
[EventType "swiss"]
[EventRounds "9"]
[EventCountry "GER"]
[SourceTitle "CBM 093 Extra"]
[Source "ChessBase"]
[SourceDate "2003.05.09"]
[SourceVersion "1"]
[SourceVersionDate "2003.05.09"]
[SourceQuality "1"]

1. d4 Nf6 2. Nf3 g6 3. c4 Bg7 4. Nc3 d5 5. Bf4 0-0 6. e3 c5 7. Be2 Nc6 8. dxc5 Qa5 9. 0-0 dxc4 10. Bxc4 Qxc5 11. Qe2 Bg4 12. Rac1 e5 13. Ne4 Nxe4 14. Bxf7+ Rxf7 15. Rxc5 Nxc5 16. Qc4 Bxf3 17. gxf3 exf4 18. Qxc5 fxe3 19. fxe3 Bxb2 20. Rb1 Bg7 21. Kg2 Rd8 22. a4 Rf5 23. Qc4+ Kh8 24. f4 h6 25. Qe6 Rf6 26. Qe4 b6 27. Rc1 Rdd6 28. h4 Rfe6 29. Qf3 Rd2+ 30. Kf1 Rdd6 31. Rc4 Kh7 32. Kg2 Ne7 33. e4 Rd2+ 34. Kf1 Red6 35. Rc1 Bb2 36. Re1 Bd4 37. Re2 Rd1+ 38. Re1 Rd2 39. Re2 Bc5 40. h5 R6d3 41. Qg4 Rd1+ 42. Re1 Rxe1+ 43. Kxe1 Re3+ 44. Kf1 Rxe4 45. hxg6+ Nxg6 46. Qd7+ Re7 47. Qd3 Rf7 48. f5 Ne7 49. f6+ Ng6 50. Ke1 Rxf6 51. Qd7+ Ne7 52. Qxa7 Kg6 53. Ke2 Nc6 54. Qc7 h5 55. Qg3+ Kh6 56. Qg8 h4 57. Qg4 Bf2 58. Kf1 Bg3+ 59. Ke2 Ne5 60. Qc8 Kg5 61. Qg8+ Ng6 62. Qd5+ Kh6 63. Qd7 Nf4+ 64. Kf3 Ne6+ 65. Kg2 Ng5 66. Qd8 Rf2+ 67. Kh1 Rh2+ 68. Kg1 Nf3+ 69. Kf1 Rf2# 0-1

[Event "Regionalliga SW 0102"]
[Site "Bayern"]
[Date "2001.10.07"]
[Round "1.8"]
[White "Droessler, Holger"]
[Black "Hipp, Hermann"]
[Result "1-0"]
[WhiteElo "1795"]
[BlackElo "1880"]
[PlyCount "59"]
[EventDate "2001.10.07"]
[EventType "team"]
[EventRounds "9"]
[EventCountry "GER"]
[SourceTitle "EXT 2003"]
[Source "ChessBase"]
[SourceDate "2002.11.25"]
[SourceVersion "1"]
[SourceVersionDate "2002.11.25"]
[SourceQuality "1"]
[WhiteTeam "Bobingen"]
[BlackTeam "Sonthofen"]
[WhiteTeamCountry "GER"]
[BlackTeamCountry "GER"]

1. d4 d5 2. c4 e6 3. Nc3 Nf6 4. Bg5 Be7 5. e3 h6 6. Bh4 Nbd7 7. Nf3 0-0 8. Bd3 b6 9. 0-0 Bb7 10. Rc1 Rc8 11. cxd5 exd5 12. a3 c5 13. dxc5 bxc5 14. Re1 Qb6 15. Bf5 Rcd8 16. Na4 Qa6 17. Bxd7 Rxd7 18. Nxc5 Bxc5 19. Rxc5 Ne4 20. Rc1 g5 21. Bg3 Qe6 22. Qd4 f6 23. Qxa7 h5 24. Nd4 Qf7 25. Qb6 h4 26. Bc7 Rc8 27. Qxb7 Rdxc7 28. Qxc8+ Rxc8 29. Rxc8+ Kh7 30. Rec1 1-0

[Event "Bad Woerishofen op 17th"]
[Site "Bad Woerishofen"]
[Date "2001.??.??"]
[Round "2"]
[White "Feicht, Roland"]
[Black "Hipp, Hermann"]
[Result "0-1"]
[WhiteElo "1490"]
[BlackElo "2034"]
[PlyCount "46"]
[EventDate "2001.03.15"]
[EventType "swiss"]
[EventRounds "9"]
[EventCountry "GER"]
[SourceTitle "CBM 081 Extra"]
[Source "ChessBase"]
[SourceDate "2001.05.06"]
[SourceVersion "1"]
[SourceVersionDate "2001.05.06"]
[SourceQuality "1"]

1. e4 c6 2. d4 d5 3. e5 Bf5 4. Nc3 e6 5. g4 Bg6 6. Nge2 Be7 7. Nf4 c5 8. dxc5 Bxc5 9. h4 Qc7 10. Qe2 Bb4 11. Bd2 d4 12. Nb5 Bxd2+ 13. Qxd2 Qxe5+ 14. Be2 Nc6 15. 0-0-0 Rc8 16. Nxg6 hxg6 17. Nxd4 Nxd4 18. c3 Nxe2+ 19. Kb1 Nf6 20. Rhe1 Nxc3+ 21. bxc3 Qxc3 22. Qd6 Qc6 23. Qa3 Qc2+ 0-1

[Event "Bad Woerishofen op 16th"]
[Site "Bad Woerishofen"]
[Date "2000.03.25"]
[Round "9"]
[White "Garnier Salvi, Vincent"]
[Black "Hipp, Hermann"]
[Result "0-1"]
[WhiteElo "1740"]
[BlackElo "2032"]
[PlyCount "110"]
[EventDate "2000.03.??"]
[EventType "swiss"]
[EventRounds "9"]
[EventCountry "GER"]
[SourceTitle "CBM 075 Extra"]
[Source "ChessBase"]
[SourceDate "2000.05.11"]
[SourceVersion "2"]
[SourceVersionDate "2000.05.11"]
[SourceQuality "1"]

1. e4 c6 2. d4 d5 3. e5 Bf5 4. Nc3 e6 5. g4 Bg6 6. Nge2 c5 7. h4 h6 8. h5 Bh7 9. f4 Be7 10. Be3 Bh4+ 11. Bf2 Bxf2+ 12. Kxf2 cxd4 13. Nxd4 a6 14. Bd3 Bxd3 15. Qxd3 Nc6 16. Nce2 Qb6 17. Kg2 Nge7 18. Rhf1 0-0-0 19. Nxc6 Nxc6 20. f5 Nxe5 21. Qc3+ Qc7 22. Qxc7+ Kxc7 23. fxe6 fxe6 24. Nd4 Kd6 25. Kg3 Rhf8 26. Rfe1 Rde8 27. Rad1 Rf6 28. Re2 g5 29. Rde1 Nc6 30. Nf5+ Kd7 31. c4 d4 32. c5 Rb8 33. Nd6 b6 34. Ne4 Rf7 35. cxb6 Rxb6 36. Nc5+ Kd6 37. Nxe6 Kd5 38. Rd2 Rb4 39. Kg2 Rd7 40. Nf8 Rd6 41. Ng6 Re6 42. Rxe6 Kxe6 43. Kf3 Kd5 44. Nh8 Ne5+ 45. Kg3 d3 46. Ng6 Rxg4+ 47. Kh3 Rd4 48. Nxe5 Kxe5 49. Kg3 Ke4 50. Kf2 Rd5 51. Rd1 Rf5+ 52. Kg3 Ke3 53. Kg4 Rf4+ 54. Kg3 Ke2 55. Rc1 d2 0-1

[Event "Bad Woerishofen op 16th"]
[Site "Bad Woerishofen"]
[Date "2000.03.21"]
[Round "5"]
[White "Hipp, Hermann"]
[Black "Kuempers, Ulrich"]
[Result "1/2-1/2"]
[WhiteElo "2032"]
[BlackElo "2210"]
[PlyCount "56"]
[EventDate "2000.03.??"]
[EventType "swiss"]
[EventRounds "9"]
[EventCountry "GER"]
[SourceTitle "CBM 075 Extra"]
[Source "ChessBase"]
[SourceDate "2000.05.11"]
[SourceVersion "2"]
[SourceVersionDate "2000.05.11"]
[SourceQuality "1"]

1. c4 Nf6 2. Nc3 d6 3. g3 e5 4. Bg2 g6 5. e4 Bg7 6. Nge2 Be6 7. d3 Qd7 8. Nd5 h6 9. 0-0 Nh7 10. f4 c6 11. Ne3 Bh3 12. f5 Bxg2 13. Kxg2 Na6 14. Rb1 h5 15. b4 h4 16. Ng4 d5 17. Ng1 hxg3 18. hxg3 gxf5 19. exf5 f6 20. Nh6 0-0-0 21. b5 Nc5 22. Be3 d4 23. Bc1 cxb5 24. Rxb5 Qc6+ 25. Qf3 Nxd3 26. Ng4 e4 27. Qe2 Qxc4 28. Rb1 Nf4+ 1/2-1/2

[Event "Bad Woerishofen op 12th"]
[Site "Bad Woerishofen"]
[Date "1996.??.??"]
[Round "3"]
[White "Weisshaupt, Rainer"]
[Black "Hipp, Hermann"]
[Result "1-0"]
[WhiteElo "2100"]
[BlackElo "1865"]
[PlyCount "57"]
[EventDate "1996.03.08"]
[EventType "swiss"]
[EventRounds "9"]
[EventCountry "GER"]
[SourceTitle "EXT 1997"]
[Source "ChessBase"]
[SourceDate "1996.11.15"]
[SourceVersion "1"]
[SourceVersionDate "1996.11.15"]
[SourceQuality "1"]

1. d4 Nf6 2. c4 c6 3. Nc3 d5 4. Nf3 e6 5. Bg5 Be7 6. Qc2 Nbd7 7. e3 h6 8. Bh4 0-0 9. Rd1 Re8 10. Be2 dxc4 11. Bxc4 Nb6 12. Bb3 Nfd5 13. Bxe7 Qxe7 14. 0-0 Bd7 15. Ne4 f5 16. Nc5 Rab8 17. Ne5 Red8 18. Rfe1 Be8 19. a3 Nc8 20. e4 fxe4 21. Nxe4 Nd6 22. Nxd6 Rxd6 23. Ba2 Rbd8 24. Rd2 b5 25. g3 Qg5 26. Bb1 Nf6 27. Re3 Rxd4 28. Rxd4 Rxd4 29. Nf3 1-0